000 00591nam a2200181 i 4500
001 bg
245 0 _aKodeks handlowy z komentarzem :
_borzecznictwo Sądu Najwyższego w zakresie prawa handlowego : wzory dokumentów : [wybór z pracy Maurycego Allerhanda].
_nT. 2.
250 _aStan prawny na dzień 1.07.1993 r. Wyd. 8 popr. i uzup.
260 _aBydgoszcz :
_bOPO,
_c1993.
300 _a446 s. ;
_c21 cm.
020 _a8385731024
040 _cBPK
041 _apol
080 _a347.7(094.4)
920 _a83-85731-02-4
942 _cKS
008 s pl f |000 0 pol
999 _c29875
_d29875
856 _uhttp://koha.tu.koszalin.pl/cgi-bin/koha/opac-detail.pl?biblionumber=29875
_yKatalog online BPK